| 000 | 00707 a2200193 4500 | ||
|---|---|---|---|
| 020 | _a0387227849 (alk. paper) | ||
| 020 | _a0387227857 (e-Book) | ||
| 040 | _aDLC | ||
| 082 | 0 | 0 | _a621.3827 |
| 100 | _aHranilovic Steve | ||
| 245 | 1 | 0 |
_aWireless optical communication systems _cSteve Hranilovic. |
| 260 |
_aNew York : _bSpringer, _cc2005. |
||
| 300 |
_axii, 196 p. : _bill. ; _c24 cm. |
||
| 650 | 0 | _aOptical communications. | |
| 650 | 0 | _aWireless communication systems. | |
| 856 | 4 | 1 |
_3Table of contents only _uhttp://www.loc.gov/catdir/enhancements/fy0819/2004051193-t.html |
| 856 | 4 | 1 |
_3Publisher description _uhttp://www.loc.gov/catdir/enhancements/fy0819/2004051193-d.html |
| 942 |
_cBK _k621.3827 HRA _2ddc |
||
| 999 |
_c10922 _d10922 |
||